German Cities in Greek - Statistics

General Stats
  • This quiz has been taken 23 times
  • The average score is 14 of 20
Answer Stats
Greek English/German % Correct
Κολωνία Cologne
100%
Έσσεν Essen
100%
Νυρεμβέργη Nuremberg
100%
Ρόστοκ Rostock
100%
Κίελο Kiel
91%
Βόννη Bonn
88%
Φρανκφούρτη Frankfurt
88%
Ουλμ Ulm
88%
Βερολίνο Berlin
80%
Φράιμπουργκ Freiburg
80%
Μάιντς Mainz
80%
Κάσσελ Kassel
78%
Δρέσδη Dresden
75%
Πότσδαμ Potsdam
75%
Λεβερκούζεν Leverkusen
73%
Λύμπεκ Lübeck
73%
Μόναχο Munich
73%
Ντόρτμουντ Dortmund
71%
Βρέμη Bremen
70%
Στουτγκάρδη Stuttgart
70%
Έρφουρτ Erfurt
67%
Χάλλε Halle
67%
Λειψία Leipzig
67%
Καϊζερσλάουτερν Kaiserslautern
64%
Καρλσρούη Karlsruhe
64%
Μπόχουμ Bochum
63%
Μαγδεμβούργο Magdeburg
63%
Σααρμπρύκεν Saarbrucken
63%
Ντάρμσταντ Darmstadt
60%
Πάντερμπορν Paderborn
57%
Ντούισμπουργκ Duisburg
56%
Όλντενμπουργκ Oldenburg
56%
Ντίσελντορφ Dusseldorf
50%
Αμβούργο Hamburg
50%
Ανόβερο Hannover
45%
Μπίλεφελντ Bielefeld
43%
No matching quizzes found
Score Distribution
Percent of People with Each Score
Percentile by Number Answered
Your Score History
You have not taken this quiz